| 000 | 00816nam a22002057a 4500 | ||
|---|---|---|---|
| 999 |
_c8649 _d8649 |
||
| 003 | AR-CdUCM | ||
| 008 | 190325b ||||| |||| 00| 0 spa d | ||
| 040 |
_aMUNICIPALIDAD PROVINCIAL DEL CUSCO _cBIBLIOTECA MUNICIPAL DEL CUSCO |
||
| 082 |
_a985.13 / _bT68 |
||
| 100 |
_aToro Montalvo, César, _912608 |
||
| 245 |
_aAntología de Lambayeque : _bdesde sus orígenes a nuestros días / |
||
| 260 |
_aPerú : _bImperio, _c1989. |
||
| 300 |
_a760 paginas ; _bIlustraciones, _c21 cm. |
||
| 505 | _aContenido : Lambayeque ayer, hoy y siempre -- Lambayeque según los cronistas -- Historia de Lambayeque --Independencia -- Documentos para la historia de Lambayeque... | ||
| 650 |
_aHistoria del Perú _9259 |
||
| 650 |
_aAntología de Lambayeque _924181 |
||
| 650 |
_aPoesía _9139 |
||
| 942 |
_2ddc _cLIBROS |
||
| 945 | _awnts | ||